000 01669nam a2200493 i 4500
001 14396
003 KOSZ 005
005 20191003130126.0
008 081028s1956 pl a f 001 0 pol
015 _aPB 1956/2891a
035 _a991046091239705066
035 _a(PL-WaBN)b22657484-48omnis_nlop
035 _ab22657484
035 _a(OCoLC)316467778
035 _a(PL)b0000002265748
035 _a(EXLNZ-48OMNIS_NETWORK)9910390408405606
040 _aWA N
_cWA N
_dKOSZ 005/RW
041 0 _apol
_beng
_brus
046 _k1956
080 _a620(084)
080 _a669(084)
100 1 _aŁoskiewicz, Władysław
_d(1891-1956).
_eAutor
245 1 0 _aUkłady równowagi podwójnych stopów metali /
_cWładysław Łoskiewicz, Marian Orman.
260 _aWarszawa :
_bPaństwowe Wydawnictwo Naukowe,
_c1956.
300 _a359, [4] stron :
_bilustracje ;
_c24x34 cm.
336 _aTekst
_btxt
_2rdacontent
337 _aBez urządzenia pośredniczącego
_bn
_2rdamedia
338 _aWolumin
_bnc
_2rdacarrier
380 _aKsiążki
388 _a1901-2000
500 _aKolumna tekstu w układzie dwuszpaltowym.
504 _aIndeks.
546 _aStreszczenia w języku rosyjskim i angielskim.
650 7 _aStopy (materiałoznawstwo)
658 _aInżynieria i technika
650 7 _aChemia
655 7 _aPodręcznik
650 7 _aMetale
710 2 _aPaństwowe Wydawnictwo Naukowe
_4pbl.
700 1 _aOrman, Marian
_eAutor
856 _uhttp://koha.tu.koszalin.pl/cgi-bin/koha/opac-detail.pl?biblionumber=14396
_yKatalog online BPK
942 _2UKD
_cKS
999 _c14396
_d14396